[Event "X Open Vallee d'Aoste A"]
[Site "Saint Vincent - Chatillon ITA"]
[Date "2002.02.12"]
[Round "4"]
[White "Mrdja, Milan"]
[Black "Sulava, Nenad"]
[Result "0-1"]
[WhiteElo "2399"]
[BlackElo "2552"]
[PlyCount "60"]
[EventDate "2002.02.09"]

1. e4 c5 2. Nf3 e6 3. d4 cxd4 4. Nxd4 a6 5. Bd3 Bc5 6. Nb3 Ba7 7. Nc3 Nc6 8.
Qe2 d6 9. Be3 Nge7 10. O-O-O b5 11. f4 b4 12. Nb1 a5 13. Bb5 O-O 14. Bxc6 Nxc6
15. Bxa7 Rxa7 16. Nd4 Ba6 17. Qf2 Rc7 18. Nf3 a4 19. b3 Na5 20. Kb2 Qa8 21. Rd4
Rfc8 22. Rc1 axb3 23. axb3 Nxb3 24. Kxb3 Bc4+ 25. Rxc4 Rxc4 26. Kb2 Qa4 27. Qe2
Ra8 28. Rd1 b3 29. c3 Qa1+ 30. Kc1 Rxc3+ 0-1

[Event "X Open Vallee d'Aoste A"]
[Site "Saint Vincent - Chatillon ITA"]
[Date "2002.02.12"]
[Round "4"]
[White "Ortega, Lexy"]
[Black "Vismara, Daniele"]
[Result "1-0"]
[WhiteElo "2481"]
[BlackElo "2343"]
[PlyCount "89"]
[EventDate "2002.02.09"]

1. d4 d5 2. c4 c6 3. Nc3 Nf6 4. Nf3 dxc4 5. a4 Bf5 6. Nh4 e6 7. Nxf5 exf5 8. e3
Bb4 9. Bxc4 O-O 10. O-O Nbd7 11. Qc2 Nb6 12. Bb3 Qd7 13. a5 Nbd5 14. f3 Rfe8
15. Nxd5 Nxd5 16. e4 Nc7 17. Be3 a6 18. Bf2 Rad8 19. Kh1 Nb5 20. Qc4 Bf8 21. d5
Rc8 22. dxc6 Rxc6 23. Qd5 Rd6 24. Qc4 Rc8 25. Qa4 Rd2 26. Rad1 Qd3 27. Bg1 Rc6
28. exf5 Rxd1 29. Rxd1 Qxf5 30. Bd5 Rc7 31. Qh4 g6 32. Be4 Qe5 33. Qd8 Kg7 34.
Rd5 Be7 35. Qa8 Qxb2 36. Rd1 Qe2 37. Rb1 Qd2 38. Bxb7 Rc1 39. Rxc1 Qxc1 40. Qc8
Qa3 41. Bd5 Qxa5 42. Qe8 Nd6 43. Bd4+ Kh6 44. Qxe7 Qxd5 45. Qh4+ 1-0

[Event "X Open Vallee d'Aoste A"]
[Site "Saint Vincent - Chatillon ITA"]
[Date "2002.02.12"]
[Round "4"]
[White "Pavlovic, Milos"]
[Black "Rogers, Ian"]
[Result "1/2-1/2"]
[WhiteElo "2497"]
[BlackElo "2555"]
[PlyCount "51"]
[EventDate "2002.02.09"]

1. c4 c5 2. g3 g6 3. Bg2 Bg7 4. Nc3 Nc6 5. Nf3 e5 6. O-O d6 7. a3 Nge7 8. b4 e4
9. Ng5 h6 10. Ngxe4 f5 11. bxc5 fxe4 12. cxd6 Qxd6 13. Nxe4 Qc7 14. Rb1 O-O 15.
d3 b6 16. Bf4 Rxf4 17. gxf4 Qxf4 18. e3 Qh4 19. d4 Bf5 20. f4 Rd8 21. Qe1 Qxe1
22. Rfxe1 Na5 23. Rbc1 Nb3 24. Rb1 Na5 25. Rbc1 Nb3 26. Rb1 1/2-1/2

[Event "X Open Vallee d'Aoste A"]
[Site "Saint Vincent - Chatillon ITA"]
[Date "2002.02.12"]
[Round "4"]
[White "Roeder, Matthias"]
[Black "Cvitan, Ognjen"]
[Result "1/2-1/2"]
[WhiteElo "2478"]
[BlackElo "2550"]
[PlyCount "23"]
[EventDate "2002.02.09"]

1. d4 Nf6 2. c4 e6 3. Nf3 d5 4. Nc3 Be7 5. Bg5 h6 6. Bxf6 Bxf6 7. e3 O-O 8. Qd2
Nc6 9. Rc1 dxc4 10. Bxc4 e5 11. d5 Ne7 12. Ne4 1/2-1/2

[Event "X Open Vallee d'Aoste A"]
[Site "Saint Vincent - Chatillon ITA"]
[Date "2002.02.12"]
[Round "4"]
[White "Skembris, Spyridon"]
[Black "Scalcione, Michelangelo"]
[Result "0-1"]
[WhiteElo "2464"]
[BlackElo "2329"]
[PlyCount "86"]
[EventDate "2002.02.09"]

1. d4 d6 2. c4 e5 3. Nf3 e4 4. Ng5 f5 5. Nc3 Nf6 6. f3 h6 7. Nh3 g5 8. Nf2 Qe7
9. fxe4 fxe4 10. Be3 Bg7 11. g3 Bf5 12. Bg2 O-O 13. O-O c6 14. d5 c5 15. Qc2
Re8 16. Kh1 Nbd7 17. a4 Bh8 18. Qb3 a6 19. a5 Rab8 20. Na4 Ne5 21. Nc3 Bg6 22.
Bh3 g4 23. Bg2 Nf3 24. exf3 exf3 25. Bxh6 fxg2+ 26. Kxg2 Qh7 27. Bf4 Ne4 28.
Nxg4 Bd4 29. Ne2 Ng5 30. Nxd4 Qh3+ 31. Kg1 Qxg4 32. Bxg5 cxd4 33. Bf4 d3 34.
Rf2 Re2 35. Raf1 Be4 36. Bxd6 Qh3 37. Rf8+ Kh7 38. R1f7+ Kg6 39. Rg7+ Kh6 40.
Rh8+ Rxh8 41. Bf4+ Kxg7 42. Qxb7+ Kg6 43. Qc6+ Kh5 0-1

[Event "X Open Vallee d'Aoste A"]
[Site "Saint Vincent - Chatillon ITA"]
[Date "2002.02.12"]
[Round "4"]
[White "Tatai, Stefano"]
[Black "Polak, Tomas"]
[Result "0-1"]
[WhiteElo "2345"]
[BlackElo "2482"]
[PlyCount "86"]
[EventDate "2002.02.09"]

1. e4 c6 2. d4 d5 3. Nd2 dxe4 4. Nxe4 Nd7 5. Ng5 Ngf6 6. Bd3 e6 7. Qe2 Bd6 8.
N1f3 h6 9. Ne4 Nxe4 10. Qxe4 Nf6 11. Qe2 Qc7 12. Bd2 b6 13. Ne5 Bb7 14. f4
O-O-O 15. O-O-O Kb8 16. Kb1 h5 17. Rhf1 Rhe8 18. g3 Ka8 19. Bc1 Rc8 20. Rfe1 g6
21. Nf3 Red8 22. Ng5 Rd7 23. Bc4 Bb4 24. Rf1 Bf8 25. h3 b5 26. Bd3 Qb6 27. g4
hxg4 28. hxg4 Nd5 29. Be4 b4 30. Bxd5 cxd5 31. Rf2 Rdc7 32. Nf3 Bd6 33. Ne5 Qa5
34. Qe1 Qa4 35. b3 Qb5 36. Qe2 Qe8 37. Nd3 Ba6 38. f5 Rxc2 39. Qxc2 Rxc2 40.
Rxc2 exf5 41. Nc5 Bc8 42. Nd3 fxg4 43. Re1 Qh8 0-1

[Event "X Open Vallee d'Aoste A"]
[Site "Saint Vincent - Chatillon ITA"]
[Date "2002.02.12"]
[Round "4"]
[White "Vera Gonzalez-Quevedo, Reynaldo"]
[Black "Bukal, Vladimir sr"]
[Result "1/2-1/2"]
[WhiteElo "2534"]
[BlackElo "2432"]
[PlyCount "36"]
[EventDate "2002.02.09"]

1. d4 d5 2. c4 c6 3. Nc3 Nf6 4. Nf3 a6 5. a4 e6 6. Bg5 Nbd7 7. cxd5 exd5 8. e3
a5 9. Bd3 Be7 10. O-O O-O 11. Qc2 Re8 12. Rae1 Nf8 13. Ne5 Ne4 14. Bf4 f6 15.
Nf3 Nd6 16. e4 dxe4 17. Nxe4 Nxe4 18. Bxe4 Bb4 1/2-1/2

[Event "X Open Vallee d'Aoste A"]
[Site "Saint Vincent - Chatillon ITA"]
[Date "2002.02.13"]
[Round "5"]
[White "Aleksieva, Silvia"]
[Black "Flear, Glenn Curtis"]
[Result "0-1"]
[WhiteElo "2347"]
[BlackElo "2511"]
[PlyCount "66"]
[EventDate "2002.02.09"]

1. e4 e5 2. Nf3 Nc6 3. d4 exd4 4. Nxd4 Bc5 5. Nxc6 Qf6 6. Qd2 dxc6 7. Nc3 Bd4
8. Bd3 Ne7 9. O-O Ng6 10. Kh1 Ne5 11. Be2 Ng4 12. Nd1 O-O 13. h3 Rd8 14. Bxg4
Bxg4 15. hxg4 Bxb2 16. Qxd8+ Rxd8 17. Bxb2 Qh4+ 18. Kg1 Qxg4 19. Re1 h5 20. f3
Qg5 21. Nf2 Qb5 22. Bc1 Qc5 23. Bf4 Qxc2 24. Rad1 Rxd1 25. Rxd1 Qxa2 26. Nh3 f6
27. Rd7 b5 28. e5 b4 29. Rxc7 b3 30. e6 b2 31. Rc8+ Kh7 32. e7 b1=Q+ 33. Kh2
Qg6 0-1

[Event "X Open Vallee d'Aoste A"]
[Site "Saint Vincent - Chatillon ITA"]
[Date "2002.02.13"]
[Round "5"]
[White "Babula, Vlastimil"]
[Black "Drazic, Sinisa"]
[Result "1-0"]
[WhiteElo "2551"]
[BlackElo "2471"]
[PlyCount "127"]
[EventDate "2002.02.09"]

1. d4 c6 2. c4 b5 3. cxb5 cxb5 4. a4 bxa4 5. Nc3 e6 6. e4 Bb4 7. Bd3 Ne7 8. Nf3
a3 9. O-O axb2 10. Bxb2 Ng6 11. Nb5 O-O 12. Nxa7 Ba6 13. Bxa6 Rxa7 14. d5 Rxa6
15. Qd4 e5 16. Qxb4 Rb6 17. Qa3 d6 18. Nd2 Ra6 19. Qe3 Qc8 20. Rxa6 Qxa6 21.
Ra1 Qb5 22. Qb3 Qe2 23. Qd1 Qd3 24. Ra3 Qb5 25. Rb3 Qa4 26. Ba3 Nd7 27. Bxd6
Rc8 28. g3 h5 29. Rb1 Qd4 30. Rc1 Ra8 31. Qc2 h4 32. Nf3 Qa7 33. Qc7 Qa4 34.
Qc6 Qa7 35. Bc7 Qa3 36. Qc3 Qe7 37. Ra1 Rc8 38. Ra6 Qc5 39. Rc6 Qb5 40. Bd6
Qb1+ 41. Qe1 Qb7 42. Qc1 Re8 43. Rc7 Qb5 44. Ng5 Nf6 45. Rc8 h3 46. Ba3 Qd3 47.
Bb4 Qb3 48. Be1 Qa4 49. Qc6 Qxc6 50. Rxc6 Ra8 51. f3 Ra1 52. Kf1 Ra2 53. Bf2
Ra1+ 54. Be1 Ra2 55. Bf2 Ra1+ 56. Ke2 Rh1 57. Rc8+ Nf8 58. Bc5 N6d7 59. Bxf8
Rxh2+ 60. Ke3 Nxf8 61. d6 Rh1 62. d7 Re1+ 63. Kd2 h2 64. Rxf8+ 1-0

[Event "X Open Vallee d'Aoste A"]
[Site "Saint Vincent - Chatillon ITA"]
[Date "2002.02.13"]
[Round "5"]
[White "Bukal, Vladimir sr"]
[Black "Timoscenko, Gennadij A."]
[Result "0-1"]
[WhiteElo "2432"]
[BlackElo "2513"]
[PlyCount "69"]
[EventDate "2002.02.09"]

1. c4 g6 2. Nc3 Bg7 3. g3 Nf6 4. Bg2 O-O 5. d4 d6 6. Nf3 Nc6 7. O-O Bf5 8. Ne1
Qc8 9. e4 Bh3 10. Nc2 Bxg2 11. Kxg2 a6 12. f3 Nd7 13. Be3 Na7 14. a4 c5 15. d5
b5 16. axb5 axb5 17. cxb5 Bxc3 18. bxc3 Nxb5 19. Qe2 Nc7 20. Bh6 Re8 21. Ne3
Rxa1 22. Rxa1 Qb7 23. Nc4 Ra8 24. Rxa8+ Qxa8 25. e5 dxe5 26. Nxe5 Qxd5 27. Nxd7
Qxd7 28. Qe5 Ne6 29. h4 f6 30. Qe4 Kf7 31. h5 Qb5 32. hxg6+ hxg6 33. Bd2 c4 34.
Kf2 Nc7 35. Qh4 0-1

[Event "X Open Vallee d'Aoste A"]
[Site "Saint Vincent - Chatillon ITA"]
[Date "2002.02.13"]
[Round "5"]
[White "Chatalbashev, Boris"]
[Black "Friedrich, Norbert"]
[Result "1-0"]
[WhiteElo "2529"]
[BlackElo "2282"]
[PlyCount "83"]
[EventDate "2002.02.09"]

1. d4 d5 2. c4 c6 3. e3 Nf6 4. Nf3 Bf5 5. Nc3 e6 6. Nh4 Be4 7. f3 Bg6 8. Qb3
Qb6 9. Nxg6 hxg6 10. Bd2 Nbd7 11. Qc2 Be7 12. O-O-O Qc7 13. Kb1 dxc4 14. Bxc4
Rxh2 15. e4 O-O-O 16. Rxh2 Qxh2 17. Be3 Nb6 18. Bb3 Kb8 19. a4 Nc8 20. Rc1 Bb4
21. Na2 Ba5 22. Qf2 Ka8 23. Bc4 Bc7 24. Nb4 Bf4 25. a5 Bxe3 26. Qxe3 Qd6 27.
Qb3 Qxd4 28. a6 Qb6 29. axb7+ Qxb7 30. Ba6 Qb6 31. Rxc6 Qb8 32. Qc3 Ne7 33. Rc7
Rd7 34. Bb7+ Qxb7 35. Rxb7 Rxb7 36. Nd3 Ne8 37. Qd4 Nc6 38. Qa4 Rb6 39. Nc5 Nc7
40. Qd1 Nb5 41. Qd7 Ncd4 42. Ka2 1-0

[Event "X Open Vallee d'Aoste A"]
[Site "Saint Vincent - Chatillon ITA"]
[Date "2002.02.13"]
[Round "5"]
[White "Dervishi, Erald"]
[Black "Estrada Nieto, Julian"]
[Result "1-0"]
[WhiteElo "2525"]
[BlackElo "2373"]
[PlyCount "57"]
[EventDate "2002.02.09"]

1. e4 e5 2. Nf3 Nc6 3. Bb5 a6 4. Ba4 Nf6 5. O-O Be7 6. Re1 b5 7. Bb3 d6 8. c3
O-O 9. h3 Na5 10. Bc2 c5 11. d4 Qc7 12. Nbd2 cxd4 13. cxd4 Rd8 14. b3 Nc6 15.
Bb2 exd4 16. Nxd4 Nxd4 17. Bxd4 Be6 18. Rc1 Qa5 19. Nf1 Rac8 20. Ne3 g6 21. Nf5
Bxf5 22. exf5 Nd5 23. fxg6 hxg6 24. Bxg6 fxg6 25. Qg4 Kh7 26. Qe6 Rxc1 27. Qf7+
Kh6 28. Bg7+ Kh5 29. Qf3+ 1-0

[Event "X Open Vallee d'Aoste A"]
[Site "Saint Vincent - Chatillon ITA"]
[Date "2002.02.13"]
[Round "5"]
[White "Efimov, Igor"]
[Black "Safranska, Anda"]
[Result "1-0"]
[WhiteElo "2444"]
[BlackElo "2302"]
[PlyCount "71"]
[EventDate "2002.02.09"]

1. d4 Nf6 2. c4 g6 3. Nc3 Bg7 4. e4 d6 5. f3 O-O 6. Nge2 Nc6 7. Bg5 h6 8. Be3
Rb8 9. Qd2 Kh7 10. g4 a6 11. h4 h5 12. g5 Nd7 13. f4 b5 14. cxb5 axb5 15. Rc1
e6 16. Ng3 b4 17. Nce2 Ne7 18. Bg2 Bb7 19. O-O f5 20. d5 e5 21. exf5 Nxf5 22.
Nxf5 Rxf5 23. Ng3 Rxf4 24. Bxf4 exf4 25. Qxf4 Ne5 26. Be4 Kh8 27. Nxh5 gxh5 28.
Qf5 Qg8 29. g6 Ng4 30. Qxh5+ Nh6 31. Rxc7 Qe8 32. Rf4 Ba6 33. Qg5 Rb7 34. Rxg7
Kxg7 35. Rf7+ Kg8 36. Rxb7 1-0

[Event "X Open Vallee d'Aoste A"]
[Site "Saint Vincent - Chatillon ITA"]
[Date "2002.02.13"]
[Round "5"]
[White "Fernandez Garcia, Jose' Luis"]
[Black "Palac, Mladen"]
[Result "1/2-1/2"]
[WhiteElo "2470"]
[BlackElo "2580"]
[PlyCount "55"]
[EventDate "2002.02.09"]

1. e4 c5 2. Nf3 e6 3. c4 Nc6 4. Nc3 e5 5. d3 d6 6. Be2 g6 7. h4 h6 8. h5 g5 9.
Nh2 Be6 10. Nf1 Nge7 11. Ne3 Nd4 12. g4 Bg7 13. a3 O-O 14. Rb1 a6 15. b4 cxb4
16. axb4 b5 17. O-O Qd7 18. Ncd5 Bxd5 19. cxd5 Rfc8 20. Bd2 Rc7 21. Kg2 Bf6 22.
Bf3 Qc8 23. Rc1 Rxc1 24. Qxc1 Qxc1 25. Rxc1 Nb3 26. Rc2 Nxd2 27. Rxd2 Kf8 28.
Be2 1/2-1/2

[Event "X Open Vallee d'Aoste A"]
[Site "Saint Vincent - Chatillon ITA"]
[Date "2002.02.13"]
[Round "5"]
[White "Godena, Michele"]
[Black "Glek, Igor V."]
[Result "1/2-1/2"]
[WhiteElo "2487"]
[BlackElo "2601"]
[PlyCount "42"]
[EventDate "2002.02.09"]

1. e4 c5 2. c3 d5 3. exd5 Qxd5 4. d4 Nf6 5. Nf3 g6 6. Na3 Bg7 7. Bc4 Qe4+ 8.
Be3 O-O 9. O-O cxd4 10. Bxd4 Nc6 11. Re1 Qf5 12. Be5 Qh5 13. h3 a6 14. Nc2 b5
15. Bf1 Rd8 16. Ncd4 Bb7 17. Qb3 Nxd4 18. Nxd4 Rd7 19. a4 bxa4 20. Qxa4 Rdd8
21. Qb4 Rd7 1/2-1/2

[Event "X Open Vallee d'Aoste A"]
[Site "Saint Vincent - Chatillon ITA"]
[Date "2002.02.13"]
[Round "5"]
[White "Jonkman, Harmen"]
[Black "Dittmar, Peter"]
[Result "1-0"]
[WhiteElo "2498"]
[BlackElo "2330"]
[PlyCount "81"]
[EventDate "2002.02.09"]

1. e4 e6 2. d4 d5 3. e5 c5 4. c3 Qb6 5. a3 Nc6 6. Nf3 Bd7 7. b4 cxb4 8. cxb4
Rc8 9. Be3 Nge7 10. Bd3 Nf5 11. O-O Be7 12. Nbd2 O-O 13. Nb3 Nxe3 14. fxe3 f5
15. exf6 Bxf6 16. Nc5 Qc7 17. Rc1 b6 18. Nxd7 Qxd7 19. Ba6 Rc7 20. Qc2 Bd8 21.
Bb5 Nxd4 22. Nxd4 Rxf1+ 23. Rxf1 Qxb5 24. Qf2 Qe8 25. Nxe6 Rc1 26. Rxc1 Qxe6
27. Rf1 Bf6 28. Qf3 a5 29. bxa5 bxa5 30. Rd1 Bg5 31. Kf2 h6 32. Qxd5 Bxe3+ 33.
Ke2 Qxd5 34. Rxd5 Bb6 35. Rb5 Bc7 36. Rc5 Bb6 37. Rc6 Bd4 38. Ra6 Bc3 39. Kd3
Be1 40. Re6 Bf2 41. Re5 1-0

[Event "X Open Vallee d'Aoste A"]
[Site "Saint Vincent - Chatillon ITA"]
[Date "2002.02.13"]
[Round "5"]
[White "Komarov, Dimitri"]
[Black "D'Amore, Carlo"]
[Result "1/2-1/2"]
[WhiteElo "2537"]
[BlackElo "2436"]
[PlyCount "51"]
[EventDate "2002.02.09"]

1. d4 Nf6 2. c4 c5 3. d5 b5 4. cxb5 a6 5. bxa6 g6 6. Nc3 Bxa6 7. e4 Bxf1 8.
Kxf1 d6 9. g3 Bg7 10. Kg2 O-O 11. Nge2 Nbd7 12. Qc2 Ne8 13. h4 h5 14. Bg5 Nc7
15. Rab1 Ne5 16. b4 cxb4 17. Rxb4 Na6 18. Rb7 Qc8 19. Rxe7 Qg4 20. Rd1 Nf3 21.
e5 Nc5 22. exd6 f6 23. Nf4 fxg5 24. Rxg7+ Kxg7 25. Qxg6+ Kh8 26. Qh6+ 1/2-1/2

[Event "X Open Vallee d'Aoste A"]
[Site "Saint Vincent - Chatillon ITA"]
[Date "2002.02.13"]
[Round "5"]
[White "Lazarev, Vladimir"]
[Black "Drabke, Lorenz Maximilian"]
[Result "1-0"]
[WhiteElo "2461"]
[BlackElo "2325"]
[PlyCount "65"]
[EventDate "2002.02.09"]

1. d4 d5 2. c4 c6 3. Nf3 Nf6 4. e3 Bg4 5. Nc3 e6 6. h3 Bxf3 7. Qxf3 Nbd7 8. Bd3
Bb4 9. a3 Bxc3+ 10. bxc3 O-O 11. O-O e5 12. Qd1 Qc7 13. a4 e4 14. Be2 Rfe8 15.
Qb3 Rac8 16. Bd2 Nb6 17. c5 Nc4 18. Bxc4 dxc4 19. Qxc4 Rcd8 20. Qe2 Re6 21. c4
h6 22. Rab1 Rd7 23. Rb3 Qb8 24. Rfb1 Qc8 25. Bc3 Ree7 26. a5 a6 27. Rb6 Ne8 28.
Qg4 Nf6 29. Qf5 Re6 30. d5 cxd5 31. Rxe6 fxe6 32. Qxe6+ Kh7 33. Bxf6 1-0

[Event "X Open Vallee d'Aoste A"]
[Site "Saint Vincent - Chatillon ITA"]
[Date "2002.02.13"]
[Round "5"]
[White "Mirzoev, Azer"]
[Black "Dominguez Perez, Leinier"]
[Result "0-1"]
[WhiteElo "2494"]
[BlackElo "2594"]
[PlyCount "44"]
[EventDate "2002.02.09"]

1. d4 d5 2. Nf3 Nf6 3. c4 c6 4. cxd5 cxd5 5. Nc3 Nc6 6. Bf4 Bf5 7. e3 e6 8. Bd3
Bxd3 9. Qxd3 Be7 10. O-O O-O 11. h3 Rc8 12. Rfc1 Nd7 13. Nd2 Nb6 14. a3 Na5 15.
Qb5 Nbc4 16. Nxc4 Rxc4 17. Na4 a6 18. Qb6 Rxa4 19. Rc7 Rc4 20. b4 Rc6 21. Rxc6
Nxc6 22. Qxb7 Qa8 0-1

[Event "X Open Vallee d'Aoste A"]
[Site "Saint Vincent - Chatillon ITA"]
[Date "2002.02.13"]
[Round "5"]
[White "Rogers, Ian"]
[Black "Ortega, Lexy"]
[Result "1/2-1/2"]
[WhiteElo "2555"]
[BlackElo "2481"]
[PlyCount "94"]
[EventDate "2002.02.09"]

1. e4 c5 2. Nf3 e6 3. b3 b6 4. Bb2 Bb7 5. Nc3 Nf6 6. e5 Ne4 7. h4 Nxc3 8. Bxc3
Nc6 9. h5 Be7 10. Rh3 O-O 11. Bd3 d5 12. exd6 Bf6 13. Qe2 Nd4 14. Nxd4 cxd4 15.
Bb4 a5 16. Ba3 a4 17. Bb4 axb3 18. cxb3 Bxg2 19. Rg3 Bd5 20. a3 Bh4 21. Rh3 Qf6
22. O-O-O Bg2 23. Rdh1 Bxh1 24. Rxh1 Qf4 25. Qe4 Qxe4 26. Bxe4 Rac8+ 27. Kd1
Bf6 28. f4 Rfd8 29. a4 d3 30. Rh3 Bd4 31. Rxd3 Bc5 32. Bxc5 Rxc5 33. Bb7 f5 34.
Rd4 Ra5 35. d7 Kf7 36. Bc6 Rc5 37. Bb7 Ke7 38. b4 Rc7 39. Bc8 Ra7 40. b5 Rc7
41. a5 bxa5 42. Ra4 Rc5 43. Rxa5 e5 44. Ke2 e4 45. Ke3 Rd5 46. Ke2 Rc5 47. Ke3
Rd5 1/2-1/2

[Event "X Open Vallee d'Aoste A"]
[Site "Saint Vincent - Chatillon ITA"]
[Date "2002.02.13"]
[Round "5"]
[White "Roiz, Michael"]
[Black "Colovic, Aleksandar"]
[Result "1/2-1/2"]
[WhiteElo "2507"]
[BlackElo "2364"]
[PlyCount "43"]
[EventDate "2002.02.09"]

1. d4 Nf6 2. c4 e6 3. Nf3 d5 4. g3 dxc4 5. Bg2 Bb4+ 6. Nbd2 c3 7. bxc3 Bxc3 8.
Rb1 O-O 9. O-O Bxd4 10. Nxd4 Qxd4 11. Qc2 Nc6 12. Bb2 Qd8 13. Rfd1 Nd4 14. Qc5
Nxe2+ 15. Kh1 e5 16. Nf3 Qe8 17. Re1 Bf5 18. Rbd1 Qa4 19. Qxe5 Bc2 20. Rd2 Rfe8
21. Qg5 h6 22. Qh4 1/2-1/2

[Event "X Open Vallee d'Aoste A"]
[Site "Saint Vincent - Chatillon ITA"]
[Date "2002.02.13"]
[Round "5"]
[White "Scalcione, Michelangelo"]
[Black "Skripchenko Lautier, Almira"]
[Result "0-1"]
[WhiteElo "2329"]
[BlackElo "2498"]
[PlyCount "112"]
[EventDate "2002.02.09"]

1. Nf3 d5 2. d4 Nf6 3. c4 dxc4 4. e3 e6 5. Bxc4 a6 6. O-O b5 7. Bd3 Nbd7 8. a4
b4 9. e4 Be7 10. Bg5 c5 11. Bxf6 Nxf6 12. dxc5 Bb7 13. c6 Bxc6 14. Qe2 O-O 15.
Nbd2 a5 16. Rfd1 Qb6 17. Ne5 Bb7 18. Ndc4 Qa7 19. Rac1 Bc5 20. Bb1 Rfd8 21. g4
Rac8 22. g5 Ne8 23. Qf3 f6 24. gxf6 Nxf6 25. Ne3 Bxe3 26. fxe3 Rxd1+ 27. Rxd1
Qc5 28. Qf4 Rf8 29. Ba2 Qe7 30. Qg5 Re8 31. Ng4 Bxe4 32. Nxf6+ Qxf6 33. Qxf6
gxf6 34. Rd6 Kf7 35. Ra6 Rg8+ 36. Kf2 Rg2+ 37. Ke1 Bf5 38. Rxa5 Rxb2 39. Bc4
Kg6 40. Rb5 Rxh2 41. Rxb4 Rh1+ 42. Kf2 Ra1 43. Bb5 Ra2+ 44. Kf3 h5 45. Bc4 Ra3
46. Rb6 e5 47. Bb3 Kg5 48. Rb8 e4+ 49. Kf2 Bg4 50. Rb5+ f5 51. a5 h4 52. Bd5
Ra1 53. Bf7 h3 54. Kg3 Rg1+ 55. Kh2 Rg2+ 56. Kh1 Re2 0-1

[Event "X Open Vallee d'Aoste A"]
[Site "Saint Vincent - Chatillon ITA"]
[Date "2002.02.13"]
[Round "5"]
[White "Sutovsky, Emil"]
[Black "Drasko, Milan"]
[Result "1-0"]
[WhiteElo "2656"]
[BlackElo "2504"]
[PlyCount "111"]
[EventDate "2002.02.09"]

1. e4 e6 2. d4 d5 3. Nc3 Bb4 4. e5 Ne7 5. a3 Bxc3+ 6. bxc3 c5 7. Qg4 O-O 8. Bd3
Nbc6 9. Qh4 Ng6 10. Qxd8 Rxd8 11. Bg5 Rf8 12. Nf3 c4 13. Be2 f6 14. exf6 gxf6
15. Bh6 Rf7 16. O-O-O Bd7 17. h4 Kh8 18. h5 Nge7 19. Bf4 Rg8 20. Nh4 Kg7 21.
h6+ Kh8 22. Bh5 Ng6 23. Rde1 Re7 24. Bd6 Ree8 25. f4 Rd8 26. f5 exf5 27. Nxg6+
hxg6 28. Bf3 Rge8 29. Bxd5 Kh7 30. Bxc4 Rxe1+ 31. Rxe1 Kxh6 32. d5 Ne5 33. Bxe5
fxe5 34. Rxe5 Kg5 35. Re7 Kf6 36. Rh7 b5 37. Bd3 f4 38. a4 a6 39. a5 Bf5 40.
Ra7 Rd6 41. c4 Kg5 42. Re7 Kg4 43. Kb2 bxc4 44. Bxc4 Kg3 45. Re2 Rd8 46. Kc3 g5
47. Kd4 g4 48. Bxa6 Ra8 49. Bb7 Rxa5 50. d6 Ra1 51. Ke5 f3 52. gxf3 gxf3 53.
Re3 Bg4 54. Bxf3 Bxf3 55. d7 Ra8 56. c4 1-0

[Event "X Open Vallee d'Aoste A"]
[Site "Saint Vincent - Chatillon ITA"]
[Date "2002.02.13"]
[Round "5"]
[White "Volzhin, Alexander"]
[Black "Epishin, Vladimir V."]
[Result "1/2-1/2"]
[WhiteElo "2521"]
[BlackElo "2599"]
[PlyCount "43"]
[EventDate "2002.02.09"]

1. e4 c5 2. Nf3 e6 3. c3 Nf6 4. e5 Nd5 5. d4 cxd4 6. cxd4 d6 7. Bc4 Be7 8. O-O
O-O 9. Qe2 Na6 10. Nbd2 dxe5 11. dxe5 Bd7 12. Nb3 Qb6 13. Bd2 Rfc8 14. Rfc1
Nab4 15. Nfd4 a6 16. Qg4 Qd8 17. Bh6 Bf8 18. Bg5 Qe8 19. a3 Nc6 20. Nf3 g6 21.
Qh4 Nde7 22. Qe4 1/2-1/2

[Event "X Open Vallee d'Aoste A"]
[Site "Saint Vincent - Chatillon ITA"]
[Date "2002.02.14"]
[Round "6"]
[White "Aleksieva, Silvia"]
[Black "Roiz, Michael"]
[Result "0-1"]
[WhiteElo "2347"]
[BlackElo "2507"]
[PlyCount "84"]
[EventDate "2002.02.09"]

1. e4 c5 2. Nf3 e6 3. d4 cxd4 4. Nxd4 a6 5. Bd3 g6 6. c4 Bg7 7. Nb3 Nc6 8. O-O
Nge7 9. Nc3 O-O 10. Bf4 d5 11. exd5 exd5 12. c5 Ne5 13. Re1 N7c6 14. Na4 Qh4
15. g3 Qf6 16. Nb6 Nxd3 17. Qxd3 Bf5 18. Qxd5 Rad8 19. Bd6 Rfe8 20. Qd2 Qxb2
21. Rxe8+ Rxe8 22. Re1 Rxe1+ 23. Qxe1 Be6 24. Nc1 Nd4 25. Kg2 Qc2 26. Nb3 Nc6
27. Qe3 Qxa2 28. Nd2 h6 29. h4 Qc2 30. Ne4 Kh7 31. Qf4 f5 32. Nd2 Qd3 33. Nf3
Nd4 34. Ne5 Qe4+ 35. Qxe4 fxe4 36. Kf1 a5 37. Nec4 a4 38. Ke1 Nc2+ 39. Kd2 a3
40. c6 a2 41. cxb7 a1=Q 42. b8=Q Qc3+ 0-1

[Event "X Open Vallee d'Aoste A"]
[Site "Saint Vincent - Chatillon ITA"]
[Date "2002.02.14"]
[Round "6"]
[White "Cebalo, Miso"]
[Black "Vismara, Daniele"]
[Result "1-0"]
[WhiteElo "2492"]
[BlackElo "2343"]
[PlyCount "64"]
[EventDate "2002.02.09"]

1. d4 d5 2. c4 c6 3. Nf3 Nf6 4. Nc3 dxc4 5. a4 Bf5 6. e3 e6 7. Bxc4 Bb4 8. O-O
O-O 9. Nh4 Nbd7 10. f3 Bg6 11. Nxg6 hxg6 12. e4 e5 13. dxe5 Nxe5 14. Be2 Qa5
15. Qc2 g5 16. Na2 Qc5+ 17. Qxc5 Bxc5+ 18. Kh1 Nh7 19. b4 Bd4 20. Rb1 a5 21. b5
c5 22. Bd2 b6 23. Nc3 Bxc3 24. Bxc3 f6 25. g3 Rfe8 26. f4 Nf7 27. Bc4 Rad8 28.
e5 gxf4 29. gxf4 Kf8 30. Rf3 Re7 31. Rh3 Kg8 32. exf6 Re4 1-0

[Event "X Open Vallee d'Aoste A"]
[Site "Saint Vincent - Chatillon ITA"]
[Date "2002.02.14"]
[Round "6"]
[White "Colovic, Aleksandar"]
[Black "Zelcic, Robert"]
[Result "0-1"]
[WhiteElo "2364"]
[BlackElo "2544"]
[PlyCount "50"]
[EventDate "2002.02.09"]

1. e4 c6 2. d4 d5 3. exd5 cxd5 4. c4 Nf6 5. Nc3 e6 6. c5 Be7 7. Nf3 O-O 8. Qc2
b6 9. b4 a5 10. Na4 Nbd7 11. c6 Bxb4+ 12. Kd1 Ne4 13. a3 Bd6 14. cxd7 Bxd7 15.
Ke1 Rc8 16. Qd1 Qc7 17. Bd2 e5 18. Be2 exd4 19. Kf1 d3 20. Bxd3 Bxa4 21. Qxa4
Nxd2+ 22. Nxd2 Qc3 23. Ke2 Rfe8+ 24. Be4 Bf4 25. Kf1 Qxa1+ 0-1

[Event "X Open Vallee d'Aoste A"]
[Site "Saint Vincent - Chatillon ITA"]
[Date "2002.02.14"]
[Round "6"]
[White "De Vreugt, Dennis"]
[Black "Genocchio, Daniele"]
[Result "1/2-1/2"]
[WhiteElo "2446"]
[BlackElo "2303"]
[PlyCount "82"]
[EventDate "2002.02.09"]

1. e4 e5 2. Nf3 Nc6 3. Bb5 a6 4. Ba4 d6 5. Bxc6+ bxc6 6. d4 exd4 7. Nxd4 c5 8.
Ne2 Nf6 9. Nbc3 Be7 10. O-O O-O 11. b3 Re8 12. Bb2 Bf8 13. f3 g6 14. Nd5 Bg7
15. Bc3 Bb7 16. Nxf6+ Bxf6 17. Qd2 a5 18. Rad1 a4 19. Rf2 axb3 20. cxb3 Qe7 21.
Bxf6 Qxf6 22. Nc3 Qe6 23. Re2 Rab8 24. Rde1 Bc6 25. Re3 f6 26. f4 Qf7 27. e5
fxe5 28. fxe5 Rxe5 29. Rxe5 dxe5 30. Rxe5 Rf8 31. Qe2 Qf6 32. Nd5 Bxd5 33. Rxd5
Rf7 34. h3 c6 35. Re5 Kg7 36. Re4 Ra7 37. Kh2 Qd6+ 38. Kh1 Qf6 39. Re6 Rxa2 40.
Rxf6 Rxe2 41. Rxc6 Rb2 1/2-1/2

[Event "X Open Vallee d'Aoste A"]
[Site "Saint Vincent - Chatillon ITA"]
[Date "2002.02.14"]
[Round "6"]
[White "Dominguez Perez, Leinier"]
[Black "Ibrahimov, Rasul"]
[Result "1-0"]
[WhiteElo "2594"]
[BlackElo "2436"]
[PlyCount "73"]
[EventDate "2002.02.09"]

1. e4 c5 2. Nf3 e6 3. d4 cxd4 4. Nxd4 d6 5. Nc3 a6 6. Be3 Nf6 7. g4 h5 8. g5
Ng4 9. Bc1 Qb6 10. h3 Ne5 11. Nb3 Nbc6 12. Be3 Qc7 13. f4 Nd7 14. Qd2 b5 15.
O-O-O g6 16. Nd5 Qb7 17. Bg2 exd5 18. exd5 Nce5 19. fxe5 Nxe5 20. Bd4 Bg7 21.
Rhe1 O-O 22. Bxe5 Bxe5 23. Rxe5 dxe5 24. d6 e4 25. Nc5 e3 26. Qe2 Qb6 27. d7
Ra7 28. dxc8=Q Rxc8 29. Nd7 Qe6 30. Nf6+ Kg7 31. Nd5 Rd7 32. Rd3 Qe5 33. h4 Rc4
34. Rxe3 Qh2 35. Qf1 Qd6 36. Re8 Rxh4 37. Qf6+ 1-0